Finish The Country Name #1 - Statistics

General Stats
  • This quiz has been taken 38 times
  • The average score is 18 of 20
Answer Stats
Answer % Correct
Au{stra}lia
100%
Papua {New} Guinea
100%
P{ola}nd
100%
Ukr{aine}
100%
Arg{entin}a
97%
Ban{glad}esh
97%
Can{ada}
97%
So{uth} Africa
97%
B{aha}mas
94%
{Jam}aica
94%
Marshall I{slan}ds
94%
Mozam{bique}
94%
S{witz}erland
91%
{Nor}way
89%
Es{toni}a
83%
Ka{zakh}stan
80%
P{akis}tan
80%
Ta{iw}an
80%
Gua{temala}
77%
Mor{occo}
77%
No matching quizzes found
Score Distribution
Percent of People with Each Score
Percentile by Number Answered
Your Score History
You have not taken this quiz